Saint of Ajmer (Record no. 3780)

MARC details
000 -LEADER
fixed length control field 00661nam a2200241 a 4500
020 ## - INTERNATIONAL STANDARD BOOK NUMBER
ISBN
082 00 - DEWEY DECIMAL CLASSIFICATION NUMBER
Classification number 297.4
Author Cutter BEG1
100 ## - MAIN ENTRY--AUTHOR NAME
Author name Begg, Mirza Wahiduddin
245 ## - TITLE STATEMENT
Title Saint of Ajmer
Sub title Hazrat Mirza Khwaja Muinuddin Hasan Chishti
260 ## - PUBLICATION, DISTRIBUTION, ETC. (IMPRINT)
Place of publication Hyderabad
Name of publisher Inst.Of Indo-Middle East Cultural Studie
Year of publication 1964
300 ## - PHYSICAL DESCRIPTION
Number of Pages 17p
500 ## - GENERAL NOTE
General note includes index and biblioraphy
505 2# - FORMATTED CONTENTS NOTE
Formatted contents note Index
650 ## - SUBJECT ADDED ENTRY--TOPICAL TERM
Topical Term Sufism-Khwaja Muinuddin Chishti
942 ## - ADDED ENTRY ELEMENTS (KOHA)
Koha item type Books
700 1# -
-- Begg, Mirza Wahiduddin
Holdings
Home library Current library Date acquired Cost, normal purchase price Full call number Accession Number Koha item type
Henry Martyn Institute Library Henry Martyn Institute Library 08/09/2007 100.00 297.4 BEG1 06336 E-Books
                   Copyright © 2026 | Henry Martyn Institute | Hyderabad | TS-500052 | INDIA | Implemented by hmi.edu.in
Hit-Count:

Powered by Koha